000 00717nam a22001817a 4500
005 20231124130536.0
010 _aHIN-126370
020 _a9788189198909
_c895.00
035 _aHN-98716
037 _bDBAD/PUB.
082 _a423.1
100 _aकांता आनंद
_959073
245 _aहिंदी मुहावरा कोश/
_cकांता आनंद
260 _aनई दिल्ली
_bहरबंस लाल एंड संस
_c2021
270 _aडी-38 निहाल विहार
_bनई दिल्ली
_e110041
300 _a304 पृष्ट
_c23सेमी (सजिल्द)
942 _aDPL
_cHN
_2ddc
_h423.1
_mकांताआ
999 _c199213
_d199213